Statistics for Taylor Swift 55

Click here to take the quiz!

General Stats

  • This quiz has been taken 9 times
  • The average score is 373 of 458

Answer Stats

Answer% Correct
a
100%
and
100%
I
100%
is
100%
it
100%
me
100%
now
100%
of
100%
on
100%
the
100%
to
100%
you
100%
be
89%
but
89%
doing
89%
don't
89%
if
89%
in
89%
just
89%
love
89%
mine
89%
say
89%
they
89%
this
89%
too
89%
was
89%
with
89%
your
89%
baby
78%
been
78%
blame
78%
call
78%
crazy
78%
doesn't
78%
drug
78%
every
78%
for
78%
gonna
78%
I'd
78%
I'll
78%
I'm
78%
I've
78%
life
78%
lord
78%
made
78%
mind
78%
my
78%
rest
78%
right
78%
save
78%
so
78%
time
78%
using
78%
would
78%
you're
78%
ain't
67%
breaking
67%
cross
67%
daisy
67%
decide
67%
far
67%
from
67%
get
67%
gone
67%
hearts
67%
knees
67%
line
67%
long
67%
loving
67%
name
67%
obsession
67%
oh
67%
once
67%
she's
67%
them
67%
touch
67%
touching
67%
away
56%
beg
56%
echoes
56%
face
56%
fall
56%
first
56%
grace
56%
guys
56%
halo
56%
happened
56%
hiding
56%
high
56%
inside
56%
ivy
56%
lose
56%
need
56%
older
56%
poison
56%
something
56%
stay
56%
toying
56%
trip
56%
use
56%
walk
56%
waste
56%
whatever
56%
darkest
44%
paradise
44%
playthings
44%
whoa
44%
insane
33%
little
33%
pacing
33%
shaking
33%

Score Distribution

Percentile by Number Answered

Percent of People with Each Score

Your Score History

You have not taken this quiz